[Event "Muensterland Regionalliga Gr2 2223"]
[Site "Germany"]
[Date "2022.11.05"]
[Round "3.2"]
[White "Luetkehermoelle, Martin"]
[Black "Pollok, Ralf"]
[Result "1/2-1/2"]
[WhiteElo "1928"]
[BlackElo "2006"]
[PlyCount "83"]
[EventDate "2022.09.03"]
[EventType "team-tourn"]
[EventRounds "5"]
[EventCountry "GER"]
[SourceTitle "EXT 2024"]
[Source "ChessBase"]
[SourceDate "2023.10.10"]
[SourceVersion "1"]
[SourceVersionDate "2023.10.10"]
[SourceQuality "1"]
[WhiteTeam "Gronau"]
[BlackTeam "Raesfeld Erle"]
[WhiteTeamCountry "GER"]
[BlackTeamCountry "GER"]

1. e4 d5 2. exd5 Qxd5 3. Nc3 Qd8 4. d4 Nf6 5. Nf3 Bg4 6. h3 Bxf3 7. Qxf3 c6 8. Be3 e6 9. 0-0-0 Bb4 10. Ne4 Nxe4 11. Qxe4 Qd5 12. Qxd5 cxd5 13. Rd3 b6 14. Bf4 Ke7 15. Rg3 g6 16. Bh6 Rg8 17. h4 f6 18. Bd3 Nc6 19. c3 Bd6 20. f4 Kf7 21. Re3 Bf8 22. Bxf8 Raxf8 23. Rhe1 Nd8 24. g4 Re8 25. Rh1 f5 26. g5 Nb7 27. Kd2 Nd6 28. Reh3 h5 29. gxh6 Rh8 30. h5 Rxh6 31. hxg6+ Rxg6 32. Rh7+ Rg7 33. R1h6 Reg8 34. Be2 Ne4+ 35. Kc2 Rxh7 36. Rxh7+ Rg7 37. Rxg7+ Kxg7 38. Kd3 Kg6 39. c4 Nf2+ 40. Ke3 Ne4 41. cxd5 exd5 42. Bb5 1/2-1/2

[Event "Muensterland Verbandsliga 1112"]
[Site "Germany"]
[Date "2012.01.07"]
[Round "5.3"]
[White "Kolakovic, Klaudio"]
[Black "Luetkehermoelle, Martin"]
[Result "1/2-1/2"]
[WhiteElo "2006"]
[BlackElo "1876"]
[PlyCount "99"]
[EventDate "2011.09.24"]
[EventType "team-tourn"]
[EventRounds "9"]
[EventCountry "GER"]
[SourceTitle "EXT 2013"]
[Source "ChessBase"]
[SourceDate "2012.11.22"]
[SourceVersion "1"]
[SourceVersionDate "2012.11.22"]
[SourceQuality "1"]
[WhiteTeam "Suedlohn"]
[BlackTeam "Ochtrup"]
[WhiteTeamCountry "GER"]
[BlackTeamCountry "GER"]

1. d4 Nf6 2. Nc3 d5 3. Bg5 c5 4. e3 Nc6 5. dxc5 e6 6. Nf3 Bxc5 7. Be2 Bb4 8. 0-0 Bxc3 9. bxc3 Qa5 10. Bxf6 gxf6 11. c4 dxc4 12. Bxc4 Qc5 13. Bb3 Bd7 14. Qc1 Rg8 15. Qb2 Qf5 16. Ne1 Ne5 17. f3 Bc6 18. e4 Qf4 19. Qc1 Qxc1 20. Rxc1 0-0-0 21. Rf2 Rd4 22. c3 Rd6 23. Rd1 Rgd8 24. Rxd6 Rxd6 25. Rb2 Kc7 26. Kf2 Nd3+ 27. Nxd3 Rxd3 28. Rc2 Rd1 29. Ke2 Rh1 30. h3 Bb5+ 31. c4 Bd7 32. Rd2 a5 33. Bd1 b5 34. Kd3 e5 35. cxb5 Bxb5+ 36. Ke3 Re1+ 37. Kf2 Rf1+ 38. Kg3 Bc4 39. Kg4 Be6+ 40. Kh5 f5 41. Kh6 fxe4 42. fxe4 Re1 43. Bb3 Bxb3 44. axb3 Rxe4 45. Kxh7 Re3 46. Kg7 f5 47. Kf6 f4 48. h4 f3 49. gxf3 Rxf3+ 50. Kg5 1/2-1/2

[Event "Muensterland Verbandsliga 1011"]
[Site "Germany"]
[Date "2011.03.26"]
[Round "8.4"]
[White "Kolakovic, Klaudio"]
[Black "Luetkehermoelle, Martin"]
[Result "1-0"]
[WhiteElo "1968"]
[BlackElo "1902"]
[PlyCount "57"]
[EventDate "2010.09.25"]
[EventType "team-tourn"]
[EventRounds "9"]
[EventCountry "GER"]
[SourceTitle "EXT 2012"]
[Source "ChessBase"]
[SourceDate "2011.11.24"]
[SourceVersion "1"]
[SourceVersionDate "2011.11.24"]
[SourceQuality "1"]
[WhiteTeam "Suedlohn"]
[BlackTeam "Ochtrup"]
[WhiteTeamCountry "GER"]
[BlackTeamCountry "GER"]

1. d4 Nf6 2. Nc3 d5 3. Bg5 Bf5 4. f3 Nbd7 5. Nxd5 Nxd5 6. e4 h6 7. Bh4 Ne3 8. Qd3 Nxf1 9. exf5 Nxh2 10. Rxh2 c5 11. 0-0-0 Qc7 12. dxc5 Nxc5 13. Qb5+ Qc6 14. Qxc6+ bxc6 15. Bf2 e5 16. Rh4 Nd7 17. Rc4 c5 18. Ne2 Be7 19. Nc3 Nb6 20. Re4 f6 21. Nd5 Nxd5 22. Rxd5 Rc8 23. Rc4 Rd8 24. Rxd8+ Kxd8 25. Ra4 h5 26. Rxa7 Rh6 27. Ra8+ Kd7 28. Rg8 Rh7 29. a4 1-0

[Event "Muensterland Verbandsliga 1011"]
[Site "Germany"]
[Date "2010.09.25"]
[Round "1.3"]
[White "Luetkehermoelle, Martin"]
[Black "Steiner, Karl"]
[Result "0-1"]
[WhiteElo "1902"]
[BlackElo "2032"]
[PlyCount "42"]
[EventDate "2010.09.25"]
[EventType "team-tourn"]
[EventRounds "9"]
[EventCountry "GER"]
[SourceTitle "EXT 2012"]
[Source "ChessBase"]
[SourceDate "2011.11.24"]
[SourceVersion "1"]
[SourceVersionDate "2011.11.24"]
[SourceQuality "1"]
[WhiteTeam "Ochtrup"]
[BlackTeam "Bocholt"]
[WhiteTeamCountry "GER"]
[BlackTeamCountry "GER"]

1. e4 e6 2. d4 d5 3. e5 c5 4. c3 Qb6 5. Nf3 Bd7 6. a3 c4 7. Nbd2 Qa5 8. b4 cxb3 9. Qxb3 Bc6 10. Bd3 Be7 11. 0-0 Nh6 12. Qc2 Na6 13. Nb3 Qa4 14. Nfd2 g6 15. c4 Nf5 16. Nb1 dxc4 17. Bxc4 Bd5 18. Bxd5 exd5 19. Nc3 Qc4 20. Na5 Nxd4 21. Qd2 Qxc3 0-1